000 00767nam a22002777a 4500
003 CHAP
005 20220329140748.0
008 971013s1955 r 00010 d
010 _a57232
011 _a58204
035 _a62359
040 _cCHAP
082 _a530.1
_bS53
100 0 0 _aSlater, John C.
_9106857
245 _aModern physics
260 _aNew York :
_bMcGraw-Hill,
_c1955
300 _a322 p.
_b: ilus.
590 _aBATCH-UPD
_b10
_c20130110
_lUCH01
_h0628
590 _aBATCH-UPD
_b10
_c20130410
_lUCH01
_h0311
590 _aBATCH-UPD
_b10
_c20130914
_lUCH01
_h1422
590 _aCONVERSION
_b10
_c20130109
_lUCH01
_h1331
650 1 4 _aFĂ­sica.
_941975
901 _aBK
942 _cLIBRO
949 _a530.1 S53
_bBC
_cLIBRO
_d-133708
_eLIBRO
_i62359
_si
999 _c57232
_d57232